[Event "Xtracon Chess Open 2019"]
[Site "Helsingor DEN"]
[Date "2019.07.21"]
[Round "2.172"]
[White "Thybo, Jan"]
[Black "Markussen, Bernt Olav"]
[Result "1/2-1/2"]
[WhiteElo "1316"]
[BlackElo "1761"]
[WhiteFideId "1438824"]
[BlackFideId "1538845"]
[EventDate "2019.07.20"]

1. e4 e6 2. d4 d5 3. exd5 exd5 4. Nf3 Nf6 5. Bg5 Be7 6. c4 Ne4 7. Bxe7 Qxe7 8.
Be2 Qb4+ 9. Nbd2 Nxd2 10. Qxd2 Qxd2+ 11. Nxd2 Be6 12. O-O O-O 13. c5 Bf5 14.
Rfe1 Nd7 15. Nf3 Rfe8 16. h3 h6 17. b4 Re7 18. Kf1 a6 19. Rac1 c6 20. g4 Be4 21.
Nd2 Bh7 22. f4 Re3 23. Bf3 Rxe1+ 24. Rxe1 Bd3+ 25. Kf2 Kf8 26. Re3 Bb5 27. Be2
Bxe2 28. Kxe2 Nf6 29. a4 h5 30. g5 Ng8 31. Nf3 f6 32. gxf6 gxf6 33. Nh4 Ne7 34.
f5 Kf7 35. a5 Rg8 36. Kf2 Rg5 37. Rf3 1/2-1/2

[Event "Xtracon Chess Open 2019"]
[Site "Helsingor DEN"]
[Date "2019.07.21"]
[Round "2.173"]
[White "Rasmussen, Henning2"]
[Black "Huse, Arne Kjelsbol"]
[Result "1/2-1/2"]
[WhiteElo "1757"]
[BlackElo "1419"]
[WhiteFideId "1410962"]
[BlackFideId "1520709"]
[EventDate "2019.07.20"]

1. d4 Nf6 2. c4 e6 3. Nf3 b6 4. g3 Bb7 5. Bg2 c5 6. e3 d6 7. dxc5 dxc5 8. Qxd8+
Kxd8 9. O-O Bd6 10. Nc3 a6 11. Rd1 Ke7 12. Ng5 Bxg2 13. Kxg2 Bc7 14. b3 h6 15.
Nf3 Nc6 16. Bb2 Rhd8 17. h3 Rab8 18. Rxd8 Rxd8 19. Rd1 Rxd1 20. Nxd1 Nb4 21. a3
Nd3 22. Ba1 g6 23. Nd2 Bd6 24. Kf1 Bc7 25. Bc3 Bd6 26. Ba1 Bc7 1/2-1/2

[Event "Xtracon Chess Open 2019"]
[Site "Helsingor DEN"]
[Date "2019.07.21"]
[Round "2.174"]
[White "Skjolingstad, Sverre"]
[Black "Jensen, Johannes Frank"]
[Result "1-0"]
[WhiteElo "1754"]
[BlackElo "1347"]
[WhiteFideId "1519913"]
[BlackFideId "1457942"]
[EventDate "2019.07.20"]

1. e4 e5 2. Nf3 Nc6 3. Nc3 Bc5 4. Nxe5 Nxe5 5. d4 Bb6 6. dxe5 d5 7. exd6 Qf6 8.
f3 Bd7 9. dxc7 Bxc7 10. Be3 Qh4+ 11. Bf2 Qg5 12. Nd5 Ba5+ 13. c3 Ne7 14. Bc4 Rc8
15. Bb3 Nxd5 16. Qxd5 Qxd5 17. Bxd5 O-O 18. Bxa7 Bc6 19. Bxc6 Rxc6 20. Bd4 Rd8
21. Rd1 Rdd6 22. b4 Bb6 23. Bxb6 Rxd1+ 24. Kxd1 Rxb6 25. Kc2 Kf8 26. Rd1 Ke7 27.
a4 Ra6 28. Kb3 Rg6 29. Rd2 Rh6 30. h3 Rd6 31. Rxd6 Kxd6 32. a5 Kc6 33. c4 f6 34.
Kc3 h5 35. Kd4 h4 36. b5+ Kd6 37. c5+ Kd7 38. Kd5 g5 39. a6 bxa6 40. bxa6 Kc7
41. Ke6 Kb8 42. Kd7 Ka7 43. c6 Kxa6 44. c7 g4 45. c8=Q+ Ka5 46. Qb7 Ka4 47. Qb2
gxf3 48. gxf3 f5 49. Kc6 fxe4 50. Kc5 exf3 51. Qb4# 1-0

[Event "Xtracon Chess Open 2019"]
[Site "Helsingor DEN"]
[Date "2019.07.21"]
[Round "2.175"]
[White "Khoo-Thwe, Louis"]
[Black "Hinrichs, Kurt"]
[Result "1-0"]
[WhiteElo "1746"]
[BlackElo "1225"]
[WhiteFideId "1538756"]
[BlackFideId "12994057"]
[EventDate "2019.07.20"]

1. e4 e6 2. d4 d5 3. Nd2 dxe4 4. Nxe4 Bd7 5. Nf3 Bc6 6. Bd3 Nd7 7. O-O Ngf6 8.
Nxf6+ Nxf6 9. Bf4 Bxf3 10. Qxf3 c6 11. c3 Be7 12. Rfe1 O-O 13. Qh3 Bd6 14. Bg5
h6 15. Bxh6 gxh6 16. Qxh6 Re8 17. Re3 b5 18. Rh3 1-0

[Event "Xtracon Chess Open 2019"]
[Site "Helsingor DEN"]
[Date "2019.07.21"]
[Round "2.176"]
[White "Linjord, Anders Jess"]
[Black "Petersen, Rasmus"]
[Result "0-1"]
[WhiteElo "1222"]
[BlackElo "1745"]
[WhiteFideId "1530020"]
[BlackFideId "1448250"]
[EventDate "2019.07.20"]

1. c4 e5 2. Nc3 Nf6 3. g3 d5 4. d4 exd4 5. Qxd4 Nc6 6. Qd3 dxc4 7. Qxc4 Be6 8.
Qd3 Qxd3 9. exd3 Ne5 10. d4 Ng6 11. Bg2 c6 12. Nge2 Be7 13. Be3 O-O 14. O-O Rfd8
15. Rfd1 Rd7 16. Rd2 Rad8 17. Rad1 Bf8 18. d5 cxd5 19. Bxa7 Ne7 20. Bd4 Ne4 21.
Rd3 Nxc3 22. Bxc3 Bg4 23. R1d2 Bf5 24. Rd4 g6 25. Nf4 Bg7 26. Rb4 d4 27. Bxd4
Bxd4 28. Rxb7 Rxb7 29. Bxb7 Bb6 30. Re2 Kf8 31. Kg2 g5 32. Nh3 h6 33. f4 f6 34.
Bf3 g4 35. Re6 Bxe6 0-1

[Event "Xtracon Chess Open 2019"]
[Site "Helsingor DEN"]
[Date "2019.07.21"]
[Round "2.177"]
[White "Poulsen, Knud"]
[Black "Johansen, Paul Ivar"]
[Result "1-0"]
[WhiteElo "1743"]
[BlackElo "1205"]
[WhiteFideId "1422324"]
[BlackFideId "1508024"]
[EventDate "2019.07.20"]

1. c4 Nf6 2. Nc3 e6 3. e4 d6 4. g3 Be7 5. Bg2 O-O 6. Nge2 e5 7. O-O Be6 8. d3
Nbd7 9. h3 Nb6 10. f4 Bd7 11. f5 c6 12. g4 Kh8 13. Ng3 Rc8 14. g5 Ng8 15. h4 Na8
16. Kh2 b5 17. cxb5 cxb5 18. Nd5 f6 19. g6 h6 20. Ne3 Bc6 21. Ng4 d5 22. Nh5
dxe4 23. Bxh6 Nxh6 24. Nxh6 Qxd3 25. Nf7+ Kg8 26. Qg4 Qd2 27. Ng3 e3 28. Ne2
Rxf7 29. Qh5 Bd6 30. gxf7+ Kf8 31. Rfd1 e4+ 32. Kg1 Bh2+ 33. Kxh2 Qxb2 34. Qh8+
Ke7 35. Qxc8 Qe5+ 36. Kg1 Nb6 37. f8=Q# 1-0

[Event "Xtracon Chess Open 2019"]
[Site "Helsingor DEN"]
[Date "2019.07.21"]
[Round "2.178"]
[White "Olsen, Lars Peter Levin"]
[Black "Wahlgreen, Noah"]
[Result "0-1"]
[WhiteElo "1187"]
[BlackElo "1743"]
[WhiteFideId "1454102"]
[BlackFideId "1457349"]
[EventDate "2019.07.20"]

1. d4 Nf6 2. Bf4 d6 3. c3 g6 4. Nd2 Bg7 5. e3 O-O 6. Ngf3 Bf5 7. h3 Re8 8. g4
Bd7 9. Bd3 Nc6 10. e4 e5 11. dxe5 dxe5 12. Bg5 Bxg4 13. hxg4 Qxd3 14. Bxf6 Bxf6
15. g5 Bg7 16. Qe2 Qxe2+ 17. Kxe2 f5 18. gxf6 Bxf6 19. Rag1 Nd8 20. Nf1 Ne6 21.
Ne3 Nf4+ 22. Kd1 Rad8+ 23. Kc2 Rd7 24. Ng4 Bg7 25. Rd1 Rxd1 26. Rxd1 h5 27. Ne3
Re7 28. Nh4 Bf6 29. Nhg2 Nxg2 30. Nxg2 Rh7 31. Rh1 h4 32. Rh3 Bg5 33. Ne1 Bf4
34. Nf3 g5 35. Rh1 g4 36. Nxh4 Bg5 37. Kd3 Rxh4 38. Rxh4 Bxh4 39. Ke2 Kg7 40. c4
Kg6 41. Ke3 Bg5+ 42. Ke2 Kh5 43. Kf1 c5 44. Kg2 Kh4 45. a4 a5 46. f3 g3 47. Kg1
Kh3 48. Kh1 Be3 49. b3 g2# 0-1

[Event "Xtracon Chess Open 2019"]
[Site "Helsingor DEN"]
[Date "2019.07.21"]
[Round "2.179"]
[White "Christiansen, Torsten Sundgaar"]
[Black "Mansoor, Areeb"]
[Result "1-0"]
[WhiteElo "1742"]
[BlackElo "1183"]
[WhiteFideId "1419714"]
[BlackFideId "1535870"]
[EventDate "2019.07.20"]

1. Nf3 d5 2. b3 Nc6 3. Bb2 Bg4 4. e3 Bxf3 5. Qxf3 e5 6. a3 a6 7. Nc3 Nf6 8. Be2
Bd6 9. Nxd5 Nxd5 10. Qxd5 O-O 11. Qf3 Re8 12. Bc4 Qd7 13. h3 h6 14. Bd5 Rad8 15.
Qg4 Qxg4 16. hxg4 e4 17. Bxc6 bxc6 18. f4 exf3 19. gxf3 Bg3+ 20. Ke2 Be5 21.
Bxe5 Rxe5 22. e4 Rf8 23. d4 Re7 24. Rh5 Rd7 25. Rd1 Rfd8 26. Ke3 Kh7 27. Ra5 Ra8
28. d5 cxd5 29. Rdxd5 Rxd5 30. Rxd5 Rb8 31. Rd7 f6 32. Rxc7 Rb6 33. Rc5 Rd6 34.
Rd5 Rc6 35. c4 Rb6 36. b4 g5 37. c5 Rb7 38. Rd6 a5 39. Rb6 Ra7 40. c6 Kg6 41.
Rb7 Ra8 42. b5 Rc8 43. c7 a4 44. b6 Ra8 45. Rb8 1-0

[Event "Xtracon Chess Open 2019"]
[Site "Helsingor DEN"]
[Date "2019.07.21"]
[Round "2.180"]
[White "Rempe, Lennik"]
[Black "Fuchs, Jochen"]
[Result "0-1"]
[WhiteElo "1147"]
[BlackElo "1742"]
[WhiteFideId "16248031"]
[BlackFideId "16243943"]
[EventDate "2019.07.20"]

1. e4 Nc6 2. Nf3 d5 3. Nc3 d4 4. Nd5 e6 5. Nf4 e5 6. Nd3 Bg4 7. Be2 Bd6 8. c3
Nf6 9. cxd4 Bxf3 10. Bxf3 Nxd4 11. O-O Qd7 12. b3 Qb5 13. Be2 Nxe4 14. Re1 O-O
15. f3 Nf6 16. Bb2 Qb6 17. Bxd4 Qxd4+ 18. Kh1 Qh4 19. Kg1 e4 20. fxe4 Qxh2+ 21.
Kf1 Nxe4 22. Rc1 Qh1# 0-1

[Event "Xtracon Chess Open 2019"]
[Site "Helsingor DEN"]
[Date "2019.07.21"]
[Round "2.181"]
[White "Munksgaard, Bo"]
[Black "Huse, Lars Paul"]
[Result "1-0"]
[WhiteElo "1740"]
[BlackElo "1124"]
[WhiteFideId "1407473"]
[BlackFideId "1526537"]
[EventDate "2019.07.20"]

1. Nf3 Nc6 2. d4 d5 3. Bf4 Bf5 4. c3 Nf6 5. e3 a6 6. Nbd2 e6 7. Be2 h6 8. O-O
Bd6 9. Bg3 Qd7 10. Re1 O-O-O 11. b4 b5 12. a4 Nb8 13. axb5 axb5 14. Ra5 c6 15.
Qa1 Bxg3 16. hxg3 Rhf8 17. Ra7 Qd6 18. Ne5 Nfd7 19. f4 f6 20. Nef3 Rg8 21. Nb3
Nb6 22. Nc5 Qf8 23. Qa5 1-0

[Event "Xtracon Chess Open 2019"]
[Site "Helsingor DEN"]
[Date "2019.07.21"]
[Round "3.11"]
[White "Postny, Evgeny"]
[Black "Buchenau, Frank"]
[Result "1-0"]
[WhiteTitle "GM"]
[BlackTitle "FM"]
[WhiteElo "2601"]
[BlackElo "2294"]
[WhiteFideId "2804344"]
[BlackFideId "4604350"]
[EventDate "2019.07.20"]

1. d4 e6 2. c4 Nf6 3. g3 d5 4. Bg2 Bb4+ 5. Nd2 O-O 6. Nf3 c6 7. O-O Nbd7 8. Qc2
Qe7 9. e4 dxe4 10. Nxe4 Nxe4 11. Qxe4 Bd6 12. Bf4 Bxf4 13. Qxf4 c5 14. Rad1 cxd4
15. Qxd4 e5 16. Qd6 Re8 17. Qc7 Nf8 18. Qxe7 Rxe7 19. Rd8 g6 20. Re1 f6 21. Bh3
Rc7 22. Be6+ Kg7 23. Bd5 Rd7 24. Re8 g5 25. h4 g4 26. Nd2 Ng6 27. Ne4 Ne7 28.
Be6 Rc7 29. Nd6 a6 30. Bxg4 1-0

[Event "Xtracon Chess Open 2019"]
[Site "Helsingor DEN"]
[Date "2019.07.21"]
[Round "3.37"]
[White "Hammer, Jon Ludvig"]
[Black "Klings, Peter"]
[Result "1-0"]
[WhiteTitle "GM"]
[WhiteElo "2637"]
[BlackElo "2105"]
[WhiteFideId "1503707"]
[BlackFideId "4631234"]
[EventDate "2019.07.20"]

1. e4 c6 2. Nf3 d5 3. Nc3 dxe4 4. Nxe4 Nf6 5. Qe2 Nxe4 6. Qxe4 Qd5 7. Qh4 Qe6+
8. Be2 Qg4 9. Qg3 Qxg3 10. hxg3 Nd7 11. g4 g6 12. d4 Bg7 13. Bh6 Kf8 14. g5 Nb6
15. Ne5 Bxh6 16. gxh6 f6 17. Nc4 Be6 18. Na5 Rb8 19. O-O-O Kf7 20. c4 Rhc8 21.
f4 Nd7 22. Bf3 Rc7 23. Rhe1 Nf8 24. b4 Bd7 25. Kb2 b6 26. Nb3 a5 27. bxa5 bxa5
28. Kc3 Ne6 29. d5 Nxf4 30. d6 exd6 31. Rxd6 Re8 32. Red1 Re3+ 33. Kb2 Bf5 34.
Nxa5 Nd3+ 35. Ka1 Ne1 36. Bxc6 Ra7 37. Nb3 Nc2+ 38. Kb2 Nb4 39. Nc1 Rea3 40. Bb5
Nxa2 41. c5 Nc3 42. Bc4+ Kf8 43. Rxf6+ Ke8 44. Re1+ 1-0

[Event "Xtracon Chess Open 2019"]
[Site "Helsingor DEN"]
[Date "2019.07.21"]
[Round "3.43"]
[White "Pekin, Tolgay"]
[Black "Nasshan, Dennis"]
[Result "0-1"]
[BlackTitle "FM"]
[WhiteElo "2070"]
[BlackElo "2314"]
[WhiteFideId "6305440"]
[BlackFideId "4695704"]
[EventDate "2019.07.20"]

1. e4 c6 2. d4 d5 3. e5 Bf5 4. Nf3 e6 5. Be2 Ne7 6. O-O c5 7. c4 Nbc6 8. Nc3
dxc4 9. Bxc4 Nxd4 10. Nxd4 cxd4 11. Bg5 Qb6 12. Bxe7 Bxe7 13. Qa4+ Kf8 14. Nb5
a6 15. Rfd1 Rd8 16. Nd6 Bxd6 17. exd6 Qxd6 18. Bd3 Bxd3 19. Rxd3 g6 20. Rad1 e5
21. f4 f6 22. fxe5 fxe5 23. Re1 Kg7 24. Qa5 Rhe8 25. Re4 Qd5 26. Qe1 Re6 27. h4
Rde8 28. h5 gxh5 29. Kh1 Rg6 30. Qe2 Ree6 31. Rh3 Rg5 32. Rd3 Rg4 33. Rdxd4 Qxd4
34. Rxd4 Rxd4 35. Kg1 e4 36. Qxh5 e3 37. Qg5+ Kf7 38. Qf5+ Ke7 39. Qc5+ Rdd6 40.
Qc7+ Rd7 41. Qc5+ Kd8 42. Qg5+ Ree7 0-1

[Event "Xtracon Chess Open 2019"]
[Site "Helsingor DEN"]
[Date "2019.07.21"]
[Round "3.45"]
[White "Larsen, Karsten"]
[Black "Mardell, Jonas"]
[Result "1-0"]
[WhiteTitle "FM"]
[WhiteElo "2254"]
[BlackElo "2024"]
[WhiteFideId "1404288"]
[BlackFideId "1705636"]
[EventDate "2019.07.20"]

1. e4 c5 2. Nf3 d6 3. Bb5+ Nd7 4. c3 Nf6 5. Qe2 a6 6. Ba4 b5 7. Bc2 Bb7 8. d3 e6
9. O-O Be7 10. Re1 O-O 11. Nbd2 Qc7 12. Nf1 Rfc8 13. Ng3 Bf8 14. Bd2 Bc6 15. h3
a5 16. Nh2 g6 17. Bg5 Bg7 18. Rad1 e5 19. Ng4 Nxg4 20. Qxg4 d5 21. Qh4 d4 22.
cxd4 cxd4 23. Rd2 Qd6 24. Bd1 Nc5 25. Be7 g5 26. Qxg5 Qh6 27. Nf5 Qxg5 28. Bxg5
Rc7 29. Bg4 f6 30. Bh6 Bxh6 31. Nxh6+ Kf8 32. Rc1 Na6 33. a3 Be8 34. Rxc7 Nxc7
35. Rc2 Na6 36. Be6 Ra7 37. Kf1 Rc7 38. Rxc7 Nxc7 39. Bc8 Bc6 40. Ke2 Ke7 41.
Kd2 Bd7 42. Bxd7 Kxd7 43. Nf5 Ne6 44. g3 Nc5 45. Nh4 b4 46. axb4 axb4 47. Nf3
Ke6 48. Nh4 b3 49. Nf3 Na4 50. Ke2 Nc3+ 51. Kd2 Na4 52. Ke2 Nc3+ 53. Ke1 Na4 54.
Nd2 Nxb2 55. Ke2 f5 56. exf5+ Kxf5 57. Nxb3 Na4 58. Nd2 Nc5 59. Nc4 Ke6 60. Nd2
Kf5 61. f3 Ne6 62. Ne4 Nc7 63. Nd6+ Ke6 64. Ne4 Kf5 65. Kf2 Nd5 66. Ke2 Kg6 67.
Nd6 Kf6 68. h4 Kg6 69. Ne4 h5 70. Kd2 Ne3 71. Kc1 Ng2 72. Kd2 Ne3 73. Ke2 Nf5
74. Kf2 Ne3 75. Ke2 Nf5 76. Kf2 Ne3 77. Nd2 Kf6 78. Ke2 Nf5 79. Kf2 Ne3 80. Nc4
Nf5 81. Kg2 Ke6 82. Kh3 Kd5 83. Nd2 Ne3 84. g4 Nd1 85. gxh5 Nf2+ 86. Kg3 Nxd3
87. h6 Nf4 88. Kg4 Ke6 89. Kg5 Kf7 90. Kf5 Kg8 91. Kxe5 Ng6+ 92. Kf6 Nxh4 93.
Kg5 Ng2 94. f4 Ne3 95. f5 Nd5 96. f6 Nc7 97. Kg6 Ne6 98. f7+ Kh8 99. Kf6 Nf8
100. Nf3 Kh7 101. Nxd4 Kxh6 102. Nf5+ Kh7 103. Nh4 Kh6 104. Ke7 Nh7 105. Nf3 Kg6
106. Ne5+ Kg7 107. Nd7 Kh8 108. Nf6 Nf8 109. Ke8 Ng6 110. Nd5 Kg7 111. Nf4 Nxf4 1-0

[Event "Xtracon Chess Open 2019"]
[Site "Helsingor DEN"]
[Date "2019.07.21"]
[Round "3.48"]
[White "Holinka, Henning"]
[Black "Rossen, Claus"]
[Result "1/2-1/2"]
[WhiteElo "2021"]
[BlackElo "2217"]
[WhiteFideId "12967084"]
[BlackFideId "1403222"]
[EventDate "2019.07.20"]

1. e4 d6 2. d4 Nf6 3. Bd3 g6 4. f4 Bg7 5. Nf3 O-O 6. O-O Na6 7. c3 c5 8. Nbd2
Bd7 9. Re1 cxd4 10. cxd4 Nb4 11. Bb1 Bb5 12. Nf1 Qb6 13. h3 Qa6 14. Re3 Bxf1 15.
Qxf1 Qxf1+ 16. Kxf1 Rac8 17. Bd2 Nc6 18. g4 Nd7 19. Bc3 b5 20. a3 Nb6 21. b3 a5
22. Bb2 a4 23. Bd3 Na5 24. Nd2 axb3 25. Bxb5 Rc2 26. Bc3 Rxc3 27. Rxc3 Bxd4 28.
Rac1 b2 29. R1c2 Bxc3 30. Rxc3 Rc8 31. Rxc8+ Nxc8 32. Ke1 Nb6 33. Kd1 Nb3 34.
Bd3 Nd4 35. Nb1 d5 36. Kd2 dxe4 37. Bxe4 Ne6 38. f5 gxf5 39. Bxf5 Ng5 40. Kc3 e6
41. Bc2 Nxh3 42. a4 Nxa4+ 43. Bxa4 Nf2 44. Kxb2 Nxg4 45. Kc3 Kg7 46. Kd3 Kg6 47.
Be8 Kg5 48. Ke2 f5 49. Nd2 e5 50. Nf3+ Kf6 51. Nh4 e4 52. Bd7 Nh6 53. Ng2 Ke5
54. Ne3 Kf4 55. Kf2 Kg5 56. Be6 f4 57. Nd5 Ng4+ 58. Bxg4 Kxg4 59. Nf6+ Kf5 60.
Nxh7 Ke5 61. Ng5 e3+ 62. Kf3 Kd4 63. Ne6+ Kc3 64. Nxf4 Kd2 65. Ke4 e2 66. Nxe2
Kxe2 1/2-1/2

[Event "Xtracon Chess Open 2019"]
[Site "Helsingor DEN"]
[Date "2019.07.21"]
[Round "3.54"]
[White "Valkama, Eero"]
[Black "Heinsohn, Michael"]
[Result "1/2-1/2"]
[WhiteTitle "FM"]
[WhiteElo "2286"]
[BlackElo "1959"]
[WhiteFideId "507555"]
[BlackFideId "4665546"]
[EventDate "2019.07.20"]

1. e4 e6 2. d4 d5 3. Nd2 c5 4. exd5 exd5 5. Ngf3 Nc6 6. Bb5 Bd6 7. dxc5 Bxc5 8.
O-O Ne7 9. Nb3 Bd6 10. Re1 O-O 11. c3 Qc7 12. h3 Bd7 13. Be3 Rad8 14. Bc5 Bxc5
15. Nxc5 Bc8 16. Bxc6 Nxc6 17. Nb3 Qf4 18. Nbd4 Rd6 19. Qc1 Qf6 20. Qe3 a6 21.
Rad1 Qg6 22. Kh2 h6 23. Ne5 Nxe5 24. Qxe5 Rfd8 25. Re3 Qf6 26. Qg3 Qg6 27. Qf3
Be6 28. Qe2 Rb6 29. f4 Bf5 30. Nf3 Qf6 31. g3 Be4 32. Ne5 h5 33. Nc4 dxc4 34.
Rxd8+ Qxd8 35. Rxe4 Qd7 36. Rxc4 Rd6 37. Rd4 Rxd4 38. cxd4 Qxd4 39. f5 h4 40.
gxh4 Qf4+ 41. Kg2 1/2-1/2

[Event "Xtracon Chess Open 2019"]
[Site "Helsingor DEN"]
[Date "2019.07.21"]
[Round "3.56"]
[White "Green, Per"]
[Black "Olsson, Linus"]
[Result "0-1"]
[BlackTitle "FM"]
[WhiteElo "1959"]
[BlackElo "2242"]
[WhiteFideId "1703811"]
[BlackFideId "1706098"]
[EventDate "2019.07.20"]

1. Nf3 g6 2. c4 Bg7 3. Nc3 c5 4. e3 Nf6 5. d4 cxd4 6. Nxd4 O-O 7. Be2 d5 8. O-O
dxc4 9. Bxc4 Bd7 10. Qb3 Qc8 11. Bd2 Nc6 12. Nxc6 Bxc6 13. Rac1 Qg4 14. f3 Qg5
15. Rf2 Rad8 16. Qc2 Bh6 17. Rd1 Qc5 18. Bb3 Bxe3 19. Bxe3 Qxe3 20. Kf1 e6 21.
Re2 Qf4 22. Kg1 Rd4 23. Rxd4 Qxd4+ 24. Kf1 Rd8 25. Qc1 b5 26. Qe3 b4 27. Qxd4
Rxd4 28. Ba4 bxc3 29. Bxc6 Rc4 30. Be4 Nxe4 0-1

[Event "Xtracon Chess Open 2019"]
[Site "Helsingor DEN"]
[Date "2019.07.21"]
[Round "3.73"]
[White "Jacobsen, Per"]
[Black "Rendlev, Niels Moller"]
[Result "1-0"]
[WhiteElo "1530"]
[BlackElo "1721"]
[WhiteFideId "1413856"]
[BlackFideId "1409042"]
[EventDate "2019.07.20"]

1. d4 d5 2. e3 c6 3. Bd3 f5 4. f4 Nf6 5. c3 e6 6. Nf3 Be7 7. O-O O-O 8. Nbd2 Ne4
9. Ne5 Bd7 10. Nxe4 fxe4 11. Bc2 Be8 12. Qg4 Qd6 13. c4 Nd7 14. Bd2 Nf6 15. Qe2
Rd8 16. c5 Qc7 17. Rac1 h6 18. Qe1 Nd7 19. Ng4 Nf6 20. Ne5 Nd7 21. Ng4 Bf6 22.
Ba4 Rc8 23. Ba5 b6 24. cxb6 Nxb6 25. Bb3 Qf7 26. Qg3 Qg6 27. Qh3 h5 28. Nf2 Bd7
29. Bxb6 axb6 30. Rc3 Rc7 31. Rc2 Bd8 32. Rfc1 e5 33. Qg3 Qxg3 34. hxg3 Be6 35.
Rxc6 Rxc6 36. Rxc6 Kf7 37. Rd6 exd4 38. exd4 Bc7 39. Rc6 e3 40. Rxc7+ Kf6 41.
Nd3 Kf5 42. Ne1 g5 43. Rc6 gxf4 1-0

[Event "Xtracon Chess Open 2019"]
[Site "Helsingor DEN"]
[Date "2019.07.21"]
[Round "3.80"]
[White "Jorgensen, Dennis"]
[Black "Ben Porat, Zeev"]
[Result "1/2-1/2"]
[WhiteElo "2140"]
[BlackElo "1888"]
[WhiteFideId "1408380"]
[BlackFideId "2801051"]
[EventDate "2019.07.20"]

1. Nf3 e6 2. g3 d5 3. Bg2 b5 4. O-O Bb7 5. d3 Be7 6. Nbd2 Nf6 7. e4 dxe4 8. Ng5
Qc8 9. Ndxe4 Nbd7 10. Qe2 Nxe4 11. dxe4 O-O 12. Rd1 a6 13. Bf4 h6 14. Nf3 Re8
15. h4 c5 16. Nh2 Qc6 17. Ng4 f5 18. Ne5 Nxe5 19. Bxe5 Red8 20. Re1 Bd6 21. Bc3
b4 22. Bd2 Be5 23. c3 bxc3 24. Bxc3 Bxc3 25. bxc3 Rd6 26. Rab1 Rad8 27. Rxb7
Qxb7 28. e5 Rc6 29. Rd1 Rxd1+ 30. Qxd1 Qc8 31. Bxc6 Qxc6 32. Qd8+ Kf7 33. c4 Kg6
34. Qe7 Qb6 35. Kh2 Qc6 36. a3 Kh7 37. h5 Kh8 38. Qd6 Qc8 39. Qe7 Qc6 40. Qf7
Kh7 41. Kg1 Kh8 42. a4 Kh7 43. a5 Kh8 44. Qf8+ Kh7 45. Qd6 Qc8 46. Kh2 Kh8 47.
Qb6 Kh7 48. f3 Kh8 49. Kh3 Kh7 50. g4 fxg4+ 51. Kxg4 Kh8 52. f4 Qa8 53. Kg3 Qh1
54. Qxc5 Qe1+ 55. Qf2 Qc3+ 56. Qf3 1/2-1/2

[Event "Xtracon Chess Open 2019"]
[Site "Helsingor DEN"]
[Date "2019.07.21"]
[Round "3.81"]
[White "Ashwin, Hariharan"]
[Black "Laustsen, Lars"]
[Result "0-1"]
[WhiteElo "1881"]
[BlackElo "2137"]
[WhiteFideId "5812666"]
[BlackFideId "1407554"]
[EventDate "2019.07.20"]

1. e4 c5 2. Nc3 Nc6 3. Bb5 Nd4 4. Nf3 a6 5. Bd3 g6 6. Nxd4 cxd4 7. Ne2 Bg7 8. c3
dxc3 9. dxc3 d6 10. O-O Nf6 11. f3 O-O 12. Be3 Be6 13. Nf4 Bd7 14. Bc2 Qc7 15.
a4 a5 16. Qd2 Rfc8 17. Rfd1 Rab8 18. Ba7 Ra8 19. Qf2 Bc6 20. Bb6 Qb8 21. Bb3 Nd7
22. Be3 Nf6 23. Bb6 Nd7 24. Be3 e6 25. Ne2 Nf6 26. Bd4 b5 27. axb5 Bxb5 28. Ba2
a4 29. Nc1 Ra6 30. Qh4 e5 31. Be3 a3 32. bxa3 Ba4 33. Rb1 Qc7 34. Bb3 Qxc3 35.
Bd2 Qc5+ 36. Qf2 Qxa3 37. Bb4 Qxb4 38. Bxf7+ Kxf7 39. Rxb4 Bxd1 40. Qd2 Ra1 41.
Rb7+ Kg8 42. Qxd6 Raxc1 43. Rxg7+ Kxg7 44. Qe7+ Kh6 45. Qxf6 Bxf3+ 46. Kf2 R8c2+
47. Kg3 Rxg2+ 48. Kh3 Rcc2 49. Qf8+ Kg5 50. Qe7+ Kf4 51. Qh4+ Ke3 52. Qe1+ Rge2
53. Qg1+ Kxe4 0-1

[Event "Xtracon Chess Open 2019"]
[Site "Helsingor DEN"]
[Date "2019.07.21"]
[Round "3.83"]
[White "Woltery, Nicolai"]
[Black "Madsen, Michael B."]
[Result "1-0"]
[WhiteElo "1865"]
[BlackElo "2133"]
[WhiteFideId "436887"]
[BlackFideId "1413031"]
[EventDate "2019.07.20"]

1. c4 Nf6 2. g3 c5 3. Bg2 d5 4. Nf3 Nc6 5. cxd5 Nxd5 6. O-O e5 7. Nc3 Nc7 8. d3
Be7 9. Be3 Bd7 10. Nd2 O-O 11. a4 Rc8 12. Nc4 f6 13. Nb5 a6 14. Nxc7 Qxc7 15.
Bd5+ Kh8 16. a5 Rcd8 17. Bg2 Be6 18. Qa4 Nd4 19. Bxd4 Rxd4 20. Rfc1 Rb8 21. Ra3
Qd8 22. Rb3 Bd7 23. Qa1 Bb5 24. Rbc3 Bxc4 25. Rxc4 b5 26. axb6 Qxb6 27. Rxd4
exd4 28. Rc2 a5 29. Bd5 Qb4 30. b3 Rd8 31. Bc4 Bd6 32. Ra2 Bc7 33. Kf1 Qb6 34.
Qe1 Qc6 35. Kg1 Re8 36. Qf1 Qd7 37. Qg2 Bb6 38. Qd5 Qxd5 39. Bxd5 g6 40. Bc4 Kg7
41. Kg2 f5 42. h4 Re5 43. Kf3 h6 44. Rc2 g5 45. hxg5 hxg5 46. g4 Kg6 47. Bb5 Re7
48. Bc6 Rf7 49. Be8 1-0

[Event "Xtracon Chess Open 2019"]
[Site "Helsingor DEN"]
[Date "2019.07.21"]
[Round "3.84"]
[White "Heier, Odin Nikolai"]
[Black "Lilja, Richard"]
[Result "1-0"]
[WhiteElo "1863"]
[BlackElo "2126"]
[WhiteFideId "1518003"]
[BlackFideId "1403109"]
[EventDate "2019.07.20"]

1. d4 Nf6 2. Bf4 g6 3. Nc3 d6 4. e4 Nbd7 5. Nf3 Bg7 6. Qd2 c6 7. O-O-O Qa5 8.
Kb1 e5 9. dxe5 dxe5 10. Bh6 O-O 11. h4 Bxh6 12. Qxh6 Ng4 13. Qd2 h5 14. Ng5 Qc5
15. Nh3 b5 16. f3 Ne3 17. Re1 Nxf1 18. Rhxf1 Nf6 19. g4 b4 20. Nd1 Qd4 21. Qh6
Rd8 22. Ng5 Ba6 23. Rg1 hxg4 24. h5 gxh5 25. Qxf6 Rd7 26. fxg4 Rad8 27. b3 Be2
28. gxh5 Bxd1 29. Ne6+ Qxg1 30. Rxg1+ 1-0

[Event "Xtracon Chess Open 2019"]
[Site "Helsingor DEN"]
[Date "2019.07.21"]
[Round "3.85"]
[White "Rishovd, Svein"]
[Black "Koch-Muller, Oscar"]
[Result "1-0"]
[WhiteTitle "CM"]
[WhiteElo "2124"]
[BlackElo "1866"]
[WhiteFideId "1513060"]
[BlackFideId "1447955"]
[EventDate "2019.07.20"]

1. Nf3 Nf6 2. c4 c5 3. g3 g6 4. Bg2 Bg7 5. O-O Nc6 6. Nc3 O-O 7. d4 d6 8. d5 Na5
9. Nd2 a6 10. Qc2 Rb8 11. b3 b5 12. Bb2 bxc4 13. bxc4 e6 14. Rab1 exd5 15. Nxd5
Rxb2 16. Rxb2 Nxd5 17. Bxd5 Bxb2 18. Qxb2 Qe8 19. Ne4 Qe5 20. Qxe5 dxe5 21. Nxc5
Bh3 22. Re1 Rc8 23. Ne4 Be6 24. Bxe6 fxe6 25. c5 Kf8 26. e3 Ke7 27. Rb1 Rc7 28.
Rb6 Nb7 29. c6 Nd8 30. Rxa6 Nxc6 31. Ra8 Nd8 32. Ng5 h6 33. Ne4 g5 34. Kg2 g4
35. h3 Rc4 36. Ra7+ Kf8 37. Nf6 gxh3+ 38. Kxh3 Rc2 39. Kg2 Nf7 40. Ne4 Ng5 41.
Nxg5 hxg5 42. Ra5 Ke7 43. Rxe5 Kf6 44. Ra5 g4 45. Ra8 Ke5 46. a4 Ke4 47. Rg8 Kf5
48. a5 Ra2 49. Rf8+ Ke5 50. Ra8 Ke4 51. a6 Kd3 52. Rg8 e5 53. Rxg4 Rxa6 54. Rb4
Rg6 55. Rb3+ Kc4 56. Ra3 Kd5 57. Ra5+ Ke4 58. f3+ Kxe3 59. Rxe5+ Kd4 60. Re8 1-0